| 000 | 00921nam a22002777a 4500 | ||
|---|---|---|---|
| 001 | 37533 | ||
| 003 | BD-RjUL | ||
| 005 | 20211209052623.0 | ||
| 008 | 150125s2006 ii a|||| b||| 001 0 eng d | ||
| 020 | _a8123912552 | ||
| 035 | _a(BD-RjUL) | ||
| 040 |
_aBD-RjUL _beng _cBD-RjUL |
||
| 041 | _aeng | ||
| 082 |
_222 _a632.90954 _bINT 2006 |
||
| 245 |
_aIntegrated pest management : principles and applications / _c[editors], Amerika Singh, O.P. Sharma, D.K. Garg. _nv. 2. _p Principles |
||
| 250 | _a1st ed | ||
| 260 |
_aNew Delhi : _bCBS Publishers & Distributors, _c2006 |
||
| 300 |
_av. <1 > : _b ill. (some col.) ; _c25 cm. |
||
| 504 | _aIncludes index. | ||
| 650 |
_aAgricultural pests _x Integrated control _zIndia. _9115269 |
||
| 650 |
_aPlants, Protection of _z India. _9115270 |
||
| 700 |
_aSingh, Amerika _9115274 |
||
| 700 |
_aSharma, O.P. _9115275 |
||
| 700 |
_aGarg, D.K. _9115276 |
||
| 942 |
_2ddc _cBK |
||
| 999 |
_c37533 _d37533 |
||